| 000 | 00853nam a22002177a 4500 | ||
|---|---|---|---|
| 005 | 20240530110559.0 | ||
| 008 | 160904s2011 ua g 001 0 ara d | ||
| 017 |
_a2011/3749 _bمصر . دار الكتب المصرية |
||
| 020 | _a9789773201689 | ||
| 040 | _aEG-CaGPL | ||
| 082 | 0 | 4 |
_221 _a962.46\ _bم س |
| 100 | 0 | _aممدوح عبدالمنعم . | |
| 245 | 1 | 2 |
_aالسودان : _bمع ملحق نص الاتفاقيات كاملة / _cممدوح عبد المنعم . |
| 250 | _aط1. | ||
| 260 |
_aالقاهرة : _bمركز الاهرام للنشر والترجمة والتوزيع ، _c2011 . |
||
| 300 |
_a446 ص ؛ _c24 سم . |
||
| 651 | 0 | 4 |
_aالسودان _xتاريخ _yالعصر الحديث . |
| 651 | 0 | 4 |
_aالسودان _xتاريخ _yعمر البشير . |
| 942 |
_2ddc _cBK |
||
| 999 |
_c62638 _d62638 |
||